| 000 | 00596cam a22002053a 4500 | ||
|---|---|---|---|
| 001 | 33952 | ||
| 003 | PGUSA | ||
| 005 | 20140828083731.0 | ||
| 008 | 101002s2010||||xxu|||||s|||||000 | eng d | ||
| 040 |
_aPGUSA _beng |
||
| 042 | _adc | ||
| 100 | 1 |
_aConwell, Russell H., _d1843-1925 |
|
| 245 | 1 | 0 |
_aWhat You Can Do With Your Will Power _h[electronic resource] / _cRussell H. Conwell |
| 260 |
_bProject Gutenberg, _c2010 |
||
| 506 | _aPublic domain in the USA. | ||
| 516 | _aElectronic text | ||
| 830 | 0 |
_aProject Gutenberg _v33952 |
|
| 856 | 4 | 0 | _uhttp://www.gutenberg.org/ebooks/33952 |
| 942 | _cEB | ||
| 999 |
_c263207 _d263207 |
||